| 000 | 00349 a2200109 4500 | ||
|---|---|---|---|
| 001 | ART_51414 | ||
| 005 | 20260410161810.0 | ||
| 008 | 260409a | ||
| 245 | 1 | 0 | _aLa reciente decisión adoptada por la IGJ en el caso "Remax" |
| 100 | 1 | _aPapa, Rodolfo G. | |
| 773 | 0 |
_tDoctrina Societaria y Concursal _g- N° 395 (oct. 2020) _wREV4298 |
|
| 999 |
_c21388 _d21388 |
||